TV Weddings Quiz Stats

Quiz Updated Aug 14, 2012

Challenge
Share
Tweet
Score 0/20 Timer 05:00
1 Play Today
TV Show % Correct
Friends
98.1%
Everybody Loves Raymond
86.9%
Scrubs
85.1%
Big Bang Theory
84.5%
Frasier
77.9%
Mork and Mindy
73.9%
Cheers
70.2%
The Office
60.4%
Happy Days
59.3%
The Brady Bunch
58.8%
TV Show % Correct
Grey's Anatomy
58.7%
Saved by the Bell
58.4%
Beverly Hills 90210
54.6%
Sex and the City
45.5%
Dynasty
42.7%
ER
41.7%
General Hospital
39.7%
Rhoda
38.3%
Parks and Recreation
37.6%
Glee
31%

You're not logged in!

Compare scores with friends on all Sporcle quizzes.
Join for Free
OR
Log In

You Might Also Like...

Show Comments

Extras

Top Quizzes Today


Score Distribution

Your Account Isn't Verified!

In order to create a playlist on Sporcle, you need to verify the email address you used during registration. Go to your Sporcle Settings to finish the process.

Report this User

Report this user for behavior that violates our Community Guidelines.

Details: